[Event "Ruhrgebiet Verbandsliga Gruppe 1 1819"]
[Site "Nordrheinwestfalen"]
[Date "2019.01.20"]
[Round "5.5"]
[White "Bense, Dirk"]
[Black "Evertz, Dieter"]
[Result "1/2-1/2"]
[WhiteElo "1938"]
[BlackElo "1925"]
[PlyCount "39"]
[EventDate "2018.09.23"]
[EventType "team-tourn"]
[EventRounds "9"]
[EventCountry "GER"]
[SourceTitle "EXT 2022"]
[Source "ChessBase"]
[SourceDate "2021.10.06"]
[SourceVersion "1"]
[SourceVersionDate "2021.10.06"]
[SourceQuality "1"]
[WhiteTeam "Brackel SF II"]
[BlackTeam "Sodingen/Castrop SK II"]
[WhiteTeamCountry "GER"]
[BlackTeamCountry "GER"]

1. e4 d5 2. exd5 Qxd5 3. d4 e5 4. dxe5 Qxe5+ 5. Qe2 Bd6 6. Bf4 Qxe2+ 7. Nxe2 Bxf4 8. Nxf4 Nf6 9. Nc3 c6 10. 0-0-0 0-0 11. h3 Nbd7 12. g4 Nc5 13. Bg2 h6 14. Nd3 Nxd3+ 15. Rxd3 Be6 16. Rhd1 Rae8 17. b3 g6 18. Na4 Bc8 19. Rd6 Kg7 20. Nc3 1/2-1/2

[Event "Ruhrgebiet Verbandsliga Gruppe 1 1819"]
[Site "Nordrheinwestfalen"]
[Date "2018.12.02"]
[Round "4.4"]
[White "Pilat, Fabian"]
[Black "Evertz, Dieter"]
[Result "1/2-1/2"]
[WhiteElo "1928"]
[BlackElo "1924"]
[PlyCount "90"]
[EventDate "2018.09.23"]
[EventType "team-tourn"]
[EventRounds "9"]
[EventCountry "GER"]
[SourceTitle "EXT 2022"]
[Source "ChessBase"]
[SourceDate "2021.10.06"]
[SourceVersion "1"]
[SourceVersionDate "2021.10.06"]
[SourceQuality "1"]
[WhiteTeam "Bochum SG III"]
[BlackTeam "Sodingen/Castrop SK II"]
[WhiteTeamCountry "GER"]
[BlackTeamCountry "GER"]

1. d4 f5 2. c4 Nf6 3. Nc3 g6 4. g3 Bg7 5. Bg2 0-0 6. e4 fxe4 7. Nxe4 Nxe4 8. Bxe4 d6 9. h4 Nc6 10. Be3 e5 11. h5 Bf5 12. Bd5+ Kh8 13. Bxc6 bxc6 14. g4 exd4 15. Bxd4 Qe7+ 16. Kf1 Be4 17. Rh3 c5 18. Bxg7+ Qxg7 19. hxg6 Qxg6 20. Rc1 Rf4 21. Rg3 Raf8 22. Nh3 Rf3 23. Rc3 R3f7 24. Rce3 Bc6 25. Kg1 Bd7 26. Qd3 Qxd3 27. Rxd3 h5 28. gxh5 Bxh3 29. Rxh3 Rxf2 30. Rb3 R2f4 31. Rbc3 Kh7 32. b3 Rf1+ 33. Kg2 R1f2+ 34. Kg3 Rxa2 35. Re3 Rf7 36. Rh4 Raf2 37. Rg4 Rf1 38. Kg2 R1f5 39. h6 R5f6 40. Reg3 c6 41. Rg7+ Kxh6 42. Rg8 Kh7 43. R8g5 Re7 44. Rh3+ Rh6 45. Rhg3 Rf7 1/2-1/2

[Event "Ruhrgebiet Verbandsliga Gruppe 1 1819"]
[Site "Nordrheinwestfalen"]
[Date "2018.09.23"]
[Round "1.4"]
[White "Evertz, Dieter"]
[Black "Schulze Bisping, Franz Adolf"]
[Result "1/2-1/2"]
[WhiteElo "1925"]
[BlackElo "1915"]
[PlyCount "55"]
[EventDate "2018.09.23"]
[EventType "team-tourn"]
[EventRounds "9"]
[EventCountry "GER"]
[SourceTitle "EXT 2022"]
[Source "ChessBase"]
[SourceDate "2021.10.06"]
[SourceVersion "1"]
[SourceVersionDate "2021.10.06"]
[SourceQuality "1"]
[WhiteTeam "Sodingen/Castrop SK II"]
[BlackTeam "Erkenschwick II"]
[WhiteTeamCountry "GER"]
[BlackTeamCountry "GER"]

1. e4 e6 2. Nf3 d5 3. e5 c5 4. b4 cxb4 5. d4 Nc6 6. Bd3 Nh6 7. 0-0 Nf5 8. Bxf5 exf5 9. a3 Be6 10. axb4 Bxb4 11. h4 h6 12. g3 0-0 13. Kg2 b5 14. Qd3 Qb6 15. Nc3 Rfb8 16. Be3 Bf8 17. Rfb1 Nb4 18. Qd2 Qc6 19. Bxh6 gxh6 20. Rxb4 Bxb4 21. Qxh6 Bxc3 22. Ng5 Bxd4 23. f4 Rc8 24. Re1 Qxc2+ 25. Kh3 Rc3 26. Nh7 Rxg3+ 27. Kxg3 Qf2+ 28. Kh3 1/2-1/2

[Event "Ruhrgebiet Verbandsliga Gruppe 1 1718"]
[Site "Germany"]
[Date "2018.02.18"]
[Round "7.5"]
[White "Wloka, Sebastian"]
[Black "Evertz, Dieter"]
[Result "1/2-1/2"]
[WhiteElo "1891"]
[BlackElo "1929"]
[PlyCount "114"]
[EventDate "2017.09.17"]
[EventType "team-tourn"]
[EventRounds "9"]
[EventCountry "GER"]
[SourceTitle "EXT 2022"]
[Source "ChessBase"]
[SourceDate "2021.10.06"]
[SourceVersion "1"]
[SourceVersionDate "2021.10.06"]
[SourceQuality "1"]
[WhiteTeam "Eichlinghofen SV"]
[BlackTeam "Sodingen/Castrop SK II"]
[WhiteTeamCountry "GER"]
[BlackTeamCountry "GER"]

1. d4 f5 2. e4 fxe4 3. Nc3 Nf6 4. Bg5 Nc6 5. d5 Ne5 6. Qe2 d6 7. Bxf6 exf6 8. Qxe4 Be7 9. Bb5+ Kf7 10. f4 f5 11. Qd4 Ng4 12. Nge2 Bh4+ 13. g3 Bf6 14. Qd2 a6 15. Bd3 Re8 16. 0-0 b5 17. a3 c5 18. h3 Ne3 19. Rf3 Qe7 20. Kf2 Qa7 21. Rxe3 Rxe3 22. Qxe3 Bd4 23. Nxd4 cxd4 24. Qe2 dxc3+ 25. Kg2 Qc5 26. Qh5+ Kf8 27. Re1 Qxd5+ 28. Kh2 Bb7 29. Qxf5+ Qxf5 30. Bxf5 g6 31. Bd3 Rc8 32. b3 Kf7 33. g4 Bd5 34. Re2 Rb8 35. Kg3 a5 36. f5 g5 37. h4 h6 38. h5 b4 39. a4 Re8 40. Kf2 Rxe2+ 41. Kxe2 Kf6 42. Kf2 Ke5 43. Ke3 Bf7 44. Be4 Be8 45. Bd3 Bd7 46. Bb5 Bc8 47. Bd3 Bd7 48. Bb5 Bc8 49. Bd3 Bb7 50. Bc4 Bc6 51. Bb5 Bb7 52. Bc4 Bg2 53. Bd3 Bb7 54. Bc4 d5 55. Bd3 d4+ 56. Kf2 Bc6 57. Ke2 Bd5 1/2-1/2

[Event "Ruhrgebiet Regionalliga 1516"]
[Site "Germany"]
[Date "2016.01.17"]
[Round "5.6"]
[White "Krueger, Sven"]
[Black "Evertz, Dieter"]
[Result "1/2-1/2"]
[WhiteElo "1936"]
[BlackElo "2011"]
[PlyCount "36"]
[EventDate "2015.09.13"]
[EventType "team-tourn"]
[EventRounds "9"]
[EventCountry "GER"]
[SourceTitle "EXT 2022"]
[Source "ChessBase"]
[SourceDate "2021.10.06"]
[SourceVersion "1"]
[SourceVersionDate "2021.10.06"]
[SourceQuality "1"]
[WhiteTeam "Brackel SF"]
[BlackTeam "Sodingen/Castrop SK II"]
[WhiteTeamCountry "GER"]
[BlackTeamCountry "GER"]

1. e4 d5 2. exd5 Qxd5 3. Nc3 Qa5 4. Nf3 Nf6 5. d4 g6 6. Bc4 Bg7 7. 0-0 0-0 8. Re1 e6 9. Bd2 Qb6 10. Rb1 Rd8 11. Be3 Qb4 12. Qe2 Nc6 13. a3 Qe7 14. Rbd1 h6 15. Ne5 Nd5 16. Nxd5 exd5 17. Nxc6 bxc6 18. Bb3 Be6 1/2-1/2

[Event "Ruhrgebiet Verbandsliga Gruppe 1 1415"]
[Site "Germany"]
[Date "2015.04.26"]
[Round "9.3"]
[White "Mueller Clostermann, Bruno"]
[Black "Evertz, Dieter"]
[Result "0-1"]
[WhiteElo "2031"]
[BlackElo "2010"]
[PlyCount "74"]
[EventDate "2014.09.21"]
[EventType "team-tourn"]
[EventRounds "9"]
[EventCountry "GER"]
[SourceTitle "EXT 2022"]
[Source "ChessBase"]
[SourceDate "2021.10.06"]
[SourceVersion "1"]
[SourceVersionDate "2021.10.06"]
[SourceQuality "1"]
[WhiteTeam "Katernberg SF III"]
[BlackTeam "Herne Sodingen II"]
[WhiteTeamCountry "GER"]
[BlackTeamCountry "GER"]

1. Nf3 d5 2. c4 d4 3. b4 c5 4. Bb2 b6 5. e3 dxe3 6. fxe3 Nd7 7. bxc5 bxc5 8. Nc3 Ngf6 9. Be2 e6 10. Qa4 Bb7 11. 0-0 Bd6 12. Rab1 0-0 13. Ba3 Nb6 14. Qa5 Nfd7 15. d4 Bxf3 16. Rxf3 Rc8 17. Rd1 Bb8 18. dxc5 Qg5 19. Nb5 Rxc5 20. Bxc5 Qxc5 21. Qa3 Qh5 22. g3 Ne5 23. Rf2 Qg5 24. Nd6 Bxd6 25. Qxd6 Qxe3 26. Qd4 Qg5 27. Kg2 Nc6 28. Qe4 Qc5 29. Bd3 g6 30. Rdf1 Ne5 31. Rc1 Rd8 32. Be2 Rd4 33. Qe3 Nbxc4 34. Qg5 Rd5 35. Bxc4 Nxc4 36. Qf6 Ne3+ 37. Kh3 Rh5+ 0-1

[Event "Ruhrgebiet Regionalliga 1314"]
[Site "Ruhrgebiet"]
[Date "2014.01.19"]
[Round "5.5"]
[White "Georg, Heinz"]
[Black "Evertz, Dieter"]
[Result "1-0"]
[WhiteElo "2146"]
[BlackElo "2060"]
[PlyCount "81"]
[EventDate "2013.09.22"]
[EventType "team-tourn"]
[EventRounds "9"]
[EventCountry "GER"]
[SourceTitle "EXT 2024"]
[Source "ChessBase"]
[SourceDate "2023.10.10"]
[SourceVersion "1"]
[SourceVersionDate "2023.10.10"]
[SourceQuality "1"]
[WhiteTeam "Kamen"]
[BlackTeam "Herne Sodingen II"]
[WhiteTeamCountry "GER"]
[BlackTeamCountry "GER"]

1. e4 d6 2. d4 Nf6 3. Nc3 g6 4. Bg5 Bg7 5. Qd2 h6 6. Bf4 c6 7. f3 b5 8. a3 a5 9. d5 Ba6 10. dxc6 Nxc6 11. Bxb5 Bxb5 12. Nxb5 Nh5 13. c3 Nxf4 14. Qxf4 Qb6 15. a4 0-0 16. Qd2 Ne5 17. b3 Rfc8 18. Rd1 Rc5 19. Ne2 Rac8 20. Ned4 Nc6 21. Nxc6 R5xc6 22. c4 Qc5 23. Ke2 Ra6 24. Qe3 Qe5 25. Rd3 Rc5 26. Kf2 Ra8 27. g3 h5 28. f4 Qe6 29. e5 Qf5 30. exd6 Rxb5 31. cxb5 exd6 32. Rc1 d5 33. Qf3 Re8 34. Rxd5 Qh3 35. Kg1 Qe6 36. Kh1 Kh7 37. f5 Qb6 38. Rd7 Kg8 39. fxg6 Qxg6 40. b6 Qe6 41. Rcd1 1-0

[Event "Ruhrgebiet Regionalliga 1314"]
[Site "Ruhrgebiet"]
[Date "2013.10.20"]
[Round "2.5"]
[White "Evertz, Dieter"]
[Black "Boehm, Malte"]
[Result "0-1"]
[WhiteElo "2060"]
[BlackElo "1986"]
[PlyCount "96"]
[EventDate "2013.09.22"]
[EventType "team-tourn"]
[EventRounds "9"]
[EventCountry "GER"]
[SourceTitle "EXT 2024"]
[Source "ChessBase"]
[SourceDate "2023.10.10"]
[SourceVersion "1"]
[SourceVersionDate "2023.10.10"]
[SourceQuality "1"]
[WhiteTeam "Herne Sodingen II"]
[BlackTeam "Brackel"]
[WhiteTeamCountry "GER"]
[BlackTeamCountry "GER"]

1. c4 Nf6 2. Nf3 g6 3. g3 Bg7 4. Bg2 0-0 5. Nc3 d6 6. d4 Nbd7 7. 0-0 e5 8. e4 c6 9. d5 cxd5 10. cxd5 Nc5 11. Re1 a5 12. Qc2 Bd7 13. a4 Rc8 14. Nd2 Na6 15. Bf1 Ng4 16. h3 Nh6 17. Kh2 Nb4 18. Qd1 f5 19. Nc4 Rxc4 20. Bxc4 f4 21. Rg1 Bxh3 22. Be2 Bd7 23. Kg2 Qf6 24. f3 Qg5 25. Kf1 Qh5 26. g4 Qh3+ 27. Ke1 Nxg4 28. Kd2 Ne3 29. Rh1 Nxd1 30. Rxh3 Bxh3 31. Kxd1 g5 32. b3 g4 33. Ba3 g3 34. Kd2 Rf6 35. Bb5 Bf8 36. Rg1 Bc8 37. Ne2 Be7 38. Kc3 Rf8 39. Bxb4 axb4+ 40. Kxb4 h5 41. Nxg3 fxg3 42. Rxg3+ Kh7 43. Rg2 h4 44. Rc2 h3 45. Rf2 Bh4 46. Rc2 Be1+ 47. Ka3 Bg3 48. Bf1 Rxf3 0-1

[Event "Ruhrgebiet Regionalliga 1213"]
[Site "Nordrheinwestfalen"]
[Date "2012.09.09"]
[Round "1.4"]
[White "Rolf, Jan Hendrik"]
[Black "Evertz, Dieter"]
[Result "0-1"]
[WhiteElo "1961"]
[BlackElo "2064"]
[PlyCount "64"]
[EventDate "2012.09.09"]
[EventType "team-tourn"]
[EventRounds "9"]
[EventCountry "GER"]
[SourceTitle "EXT 2020"]
[Source "ChessBase"]
[SourceDate "2019.10.17"]
[SourceVersion "1"]
[SourceVersionDate "2019.10.17"]
[SourceQuality "1"]
[WhiteTeam "Recklinghausen Laeufer Ost"]
[BlackTeam "Herne Sodingen II"]
[WhiteTeamCountry "GER"]
[BlackTeamCountry "GER"]

1. e4 d6 2. d4 g6 3. Nf3 Bg7 4. h3 c5 5. dxc5 Qa5+ 6. Bd2 Qxc5 7. Bc3 Nf6 8. Nbd2 0-0 9. Bd3 Nc6 10. a3 b5 11. Nb3 Qb6 12. 0-0 a5 13. Nfd4 b4 14. Nxc6 Qxc6 15. axb4 axb4 16. Bxb4 Rxa1 17. Qxa1 Nxe4 18. Re1 Nxf2 19. Kxf2 Qb6+ 20. Kf1 Qxb4 21. Rxe7 Qf4+ 22. Kg1 Be5 23. Qe1 Qh2+ 24. Kf1 Be6 25. Qf2 Bxb2 26. Nd2 Ra8 27. Ra7 Qh1+ 28. Ke2 Re8 29. Be4 d5 30. Rb7 Bc1 31. Rb1 dxe4 32. Nb3 Bc4# 0-1

[Event "Ruhrgebiet Verbandsliga1 1112"]
[Site "Nordrheinwestfalen"]
[Date "2012.01.08"]
[Round "5.5"]
[White "Evertz, Dieter"]
[Black "Renk, Christoph"]
[Result "1-0"]
[WhiteElo "2028"]
[BlackElo "1980"]
[PlyCount "59"]
[EventDate "2012.09.18"]
[EventType "team-tourn"]
[EventRounds "9"]
[EventCountry "GER"]
[SourceTitle "EXT 2020"]
[Source "ChessBase"]
[SourceDate "2019.10.17"]
[SourceVersion "1"]
[SourceVersionDate "2019.10.17"]
[SourceQuality "1"]
[WhiteTeam "Herne Sodingen II"]
[BlackTeam "Buer SF"]
[WhiteTeamCountry "GER"]
[BlackTeamCountry "GER"]

1. c4 c5 2. Nc3 Nf6 3. g3 Nc6 4. Bg2 g6 5. Nf3 Bg7 6. 0-0 0-0 7. d4 cxd4 8. Nxd4 a6 9. Rb1 Nxd4 10. Qxd4 d6 11. Bg5 Rb8 12. Qd2 Re8 13. e4 Ng4 14. Rfd1 Ne5 15. Qe2 Bg4 16. f3 Bd7 17. Nd5 h6 18. Be3 b6 19. b3 Kh7 20. Qf2 b5 21. c5 Bc6 22. cxd6 exd6 23. Ba7 Rc8 24. Bh3 Bd7 25. Bb6 Qg5 26. f4 Qh5 27. fxe5 Qxh3 28. Qxf7 Qe6 29. Nf6+ Kh8 30. Qxd7 1-0

[Event "Ruhrgebiet Verbandsliga1 1112"]
[Site "Nordrheinwestfalen"]
[Date "2011.12.11"]
[Round "4.5"]
[White "Arndt, Olaf"]
[Black "Evertz, Dieter"]
[Result "0-1"]
[WhiteElo "1873"]
[BlackElo "2028"]
[PlyCount "96"]
[EventDate "2012.09.18"]
[EventType "team-tourn"]
[EventRounds "9"]
[EventCountry "GER"]
[SourceTitle "EXT 2020"]
[Source "ChessBase"]
[SourceDate "2019.10.17"]
[SourceVersion "1"]
[SourceVersionDate "2019.10.17"]
[SourceQuality "1"]
[WhiteTeam "Horst Emscher II"]
[BlackTeam "Herne Sodingen II"]
[WhiteTeamCountry "GER"]
[BlackTeamCountry "GER"]

1. e4 d6 2. d4 Nf6 3. Nc3 g6 4. Bc4 c6 5. Bg5 Bg7 6. Nf3 b5 7. Bd3 h6 8. Bxf6 Bxf6 9. h3 Nd7 10. 0-0 Qb6 11. Ne2 e5 12. c3 c5 13. dxe5 Nxe5 14. Nxe5 dxe5 15. a4 c4 16. Bc2 Bb7 17. axb5 0-0 18. Ng3 Rfd8 19. Qe2 Qxb5 20. Ra4 a5 21. Rd1 Ba6 22. Rd5 Qxb2 23. Rdxa5 Bb7 24. Rxa8 Bxa8 25. Rxc4 Bg5 26. Rc7 Bf4 27. Qc4 Bd5 28. exd5 Qxc2 29. d6 Rf8 30. Qd5 Qb1+ 31. Nf1 e4 32. g3 e3 33. Qf3 Bxd6 34. Rc6 exf2+ 35. Qxf2 Be5 36. Qe3 Re8 37. Kg2 Qa2+ 38. Qd2 Qa8 39. Qd5 Bg7 40. Rd6 Qb8 41. Rd7 Qb2+ 42. Nd2 Re6 43. c4 Bc3 44. Rd8+ Kg7 45. Kg1 Rf6 46. Qd3 Qb6+ 47. Kh1 Bxd2 48. Qxd2 Rf1+ 0-1

[Event "Ruhrgebiet Verbandsliga1 1112"]
[Site "Nordrheinwestfalen"]
[Date "2011.11.25"]
[Round "3.5"]
[White "Evertz, Dieter"]
[Black "Brockmann, Fabian"]
[Result "1-0"]
[WhiteElo "2028"]
[BlackElo "1921"]
[PlyCount "95"]
[EventDate "2012.09.18"]
[EventType "team-tourn"]
[EventRounds "9"]
[EventCountry "GER"]
[SourceTitle "EXT 2020"]
[Source "ChessBase"]
[SourceDate "2019.10.17"]
[SourceVersion "1"]
[SourceVersionDate "2019.10.17"]
[SourceQuality "1"]
[WhiteTeam "Herne Sodingen II"]
[BlackTeam "Dortmund Hansa III"]
[WhiteTeamCountry "GER"]
[BlackTeamCountry "GER"]

1. c4 e5 2. Nc3 c5 3. g3 g6 4. Bg2 Bg7 5. d3 d6 6. Bd2 Nc6 7. Qc1 Nd4 8. Nf3 Ne7 9. Nxd4 cxd4 10. Nd5 Nxd5 11. Bxd5 Qe7 12. h4 h5 13. b4 Be6 14. Bg2 Rc8 15. Qa3 b6 16. b5 0-0 17. Bb4 Rfd8 18. 0-0 Bh6 19. Qb2 Qc7 20. Qb3 Qd7 21. Qa3 Qc7 22. Bc6 a5 23. Be1 Bh3 24. Qb2 Qe7 25. Be4 Rc5 26. a4 Bxf1 27. Kxf1 d5 28. cxd5 Rdxd5 29. Bxd5 Rxd5 30. Bd2 Bxd2 31. Qxd2 Rc5 32. Rc1 Qb7 33. Kg1 Qc7 34. Rxc5 Qxc5 35. Qg5 Kg7 36. Qd8 Qc1+ 37. Kg2 Qc5 38. Qb8 Qd5+ 39. Kh2 Qc5 40. Qe8 Kf6 41. Qd7 Qc2 42. Qd6+ Kf5 43. Qd7+ Kf6 44. Qd6+ Kf5 45. Qe7 Qa2 46. Kh3 f6 47. f3 g5 48. Qh7+ 1-0

[Event "Ruhrgebiet Verbandsliga1 1112"]
[Site "Nordrheinwestfalen"]
[Date "2011.09.18"]
[Round "1.4"]
[White "Weimer, Eduard"]
[Black "Evertz, Dieter"]
[Result "1-0"]
[WhiteElo "2014"]
[BlackElo "2028"]
[PlyCount "143"]
[EventDate "2012.09.18"]
[EventType "team-tourn"]
[EventRounds "9"]
[EventCountry "GER"]
[SourceTitle "EXT 2020"]
[Source "ChessBase"]
[SourceDate "2019.10.17"]
[SourceVersion "1"]
[SourceVersionDate "2019.10.17"]
[SourceQuality "1"]
[WhiteTeam "Koenigsspringer Hamm"]
[BlackTeam "Herne Sodingen II"]
[WhiteTeamCountry "GER"]
[BlackTeamCountry "GER"]

1. e4 d6 2. d4 g6 3. Nc3 Bg7 4. f4 c5 5. dxc5 dxc5 6. Qxd8+ Kxd8 7. Be3 Bxc3+ 8. bxc3 b6 9. Bc4 e6 10. Nf3 Nf6 11. Ng5 Ke7 12. f5 Ng4 13. Bf4 Nc6 14. Nf3 gxf5 15. exf5 e5 16. Bg5+ f6 17. h3 e4 18. Bd5 exf3 19. Bxc6 fxg2 20. Bxg2 fxg5 21. Bxa8 Ne3 22. Be4 Rd8 23. f6+ Kxf6 24. Bxh7 Rh8 25. Be4 Bxh3 26. Kf2 Nc4 27. Kg3 g4 28. Bg2 Re8 29. Bxh3 gxh3 30. Rae1 Rg8+ 31. Kxh3 Ne5 32. Rhf1+ Ke6 33. Rf4 Rg6 34. Kh4 Kd6 35. Kh5 Re6 36. Ra4 Re7 37. Rd1+ Kc6 38. Kg5 Rf7 39. Re4 Nd7 40. Re6+ Kc7 41. Kg6 Rf8 42. Re7 Rd8 43. Kf5 Kc6 44. Rf7 c4 45. Rd4 b5 46. Kf4 a6 47. Kf5 Kc7 48. Kf4 Kc6 49. Rf5 Kc7 50. a4 Kc6 51. Kf3 Rh8 52. axb5+ axb5 53. Ke2 Rh2+ 54. Rf2 Rh6 55. Rdf4 Rh3 56. R4f3 Rh5 57. Ke3 Rh4 58. Rg2 Rh6 59. Rg5 Re6+ 60. Kd2 Nc5 61. Rg8 Ne4+ 62. Kc1 Nd6 63. Kb2 Rh6 64. Rgf8 Rh1 65. R3f6 Rh7 66. Rd8 Rd7 67. Rxd7 Kxd7 68. Ka3 Ne4 69. Rf7+ Kc6 70. Kb4 Nd6 71. Rf6 Kd5 72. Rxd6+ 1-0

[Event "Ruhrgebiet Verbandsliga2 1011"]
[Site "Nordrheinwestfalen"]
[Date "2011.01.16"]
[Round "5.3"]
[White "Limbourg, Philipp"]
[Black "Evertz, Dieter"]
[Result "0-1"]
[WhiteElo "2089"]
[BlackElo "2013"]
[PlyCount "68"]
[EventDate "2010.09.12"]
[EventType "team-tourn"]
[EventRounds "9"]
[EventCountry "GER"]
[SourceTitle "EXT 2020"]
[Source "ChessBase"]
[SourceDate "2019.10.17"]
[SourceVersion "1"]
[SourceVersionDate "2019.10.17"]
[SourceQuality "1"]
[WhiteTeam "Muelheim Nord III"]
[BlackTeam "Herne Sodingen II"]
[WhiteTeamCountry "GER"]
[BlackTeamCountry "GER"]

1. e4 d6 2. Nc3 g6 3. d4 Bg7 4. Be3 Nf6 5. Qd2 Ng4 6. Bg5 h6 7. Bh4 c6 8. f3 Nf6 9. g4 b5 10. Bd3 a5 11. Bg3 Nfd7 12. Nce2 Qb6 13. f4 c5 14. c3 cxd4 15. Bf2 dxc3 16. Nxc3 Nc5 17. Bxb5+ Kf8 18. Nge2 Bxg4 19. Bd4 Bxe2 20. Bxg7+ Kxg7 21. Bxe2 Qb4 22. Bf3 Nc6 23. 0-0-0 Rac8 24. Kb1 e5 25. a3 Qb7 26. Qxd6 Ne6 27. Qd2 Ncd4 28. Bg4 Rxc3 29. Qxc3 Rc8 30. Qd3 Rc2 31. b3 Nc5 32. fxe5 Nxd3 33. Rxd3 Rg2 34. Bd1 Qxe4 0-1

[Event "Ruhrgebiet Verbandsliga2 1011"]
[Site "Nordrheinwestfalen"]
[Date "2010.11.14"]
[Round "3"]
[White "Sohlmann, Jan Henning"]
[Black "Evertz, Dieter"]
[Result "1/2-1/2"]
[WhiteElo "2100"]
[BlackElo "2013"]
[PlyCount "95"]
[EventDate "2010.09.12"]
[EventType "team-tourn"]
[EventRounds "9"]
[EventCountry "GER"]
[SourceTitle "EXT 2020"]
[Source "ChessBase"]
[SourceDate "2019.10.17"]
[SourceVersion "1"]
[SourceVersionDate "2019.10.17"]
[SourceQuality "1"]
[WhiteTeam "Welper SV"]
[BlackTeam "Herne Sodingen II"]
[WhiteTeamCountry "GER"]
[BlackTeamCountry "GER"]

1. e4 d6 2. d4 g6 3. c4 c5 4. dxc5 Qa5+ 5. Nc3 dxc5 6. g3 Bg7 7. Bd2 Nc6 8. h3 Nf6 9. Nf3 0-0 10. Bg2 Qd8 11. a3 Nd4 12. Nxd4 cxd4 13. Nd5 e6 14. Nf4 Qc7 15. Rc1 Rd8 16. 0-0 a5 17. b4 axb4 18. Bxb4 Bf8 19. Nd3 Nd7 20. f4 Nc5 21. e5 Ra7 22. Qe2 b6 23. Rfd1 Bb7 24. Nf2 Bxg2 25. Kxg2 Qc6+ 26. Qf3 Qa4 27. Bxc5 Bxc5 28. Rd3 Kg7 29. g4 Qd7 30. h4 Rda8 31. Ra1 Qb7 32. Ne4 Qe7 33. h5 gxh5 34. gxh5 Kh8 35. Nf6 Qb7 36. Ne4 Rg8+ 37. Kh3 h6 38. f5 exf5 39. Qxf5 Rg7 40. Qf4 Qd7+ 41. Kh2 Qe6 42. Nf6 Rg5 43. Rg1 Bd6 44. exd6 Qe2+ 45. Kh1 Qxd3 46. Rxg5 hxg5 47. Qxg5 Qf1+ 48. Kh2 1/2-1/2

[Event "NRW Class1 0607"]
[Site "Germany"]
[Date "2007.02.25"]
[Round "6.7"]
[White "Evertz, Dieter"]
[Black "Heimsoth, Sven Holger"]
[Result "0-1"]
[WhiteElo "2111"]
[BlackElo "2156"]
[PlyCount "76"]
[EventDate "2006.09.17"]
[EventType "team-tourn"]
[EventRounds "9"]
[EventCountry "GER"]
[SourceTitle "EXT 2008"]
[Source "ChessBase"]
[SourceDate "2007.11.25"]
[SourceVersion "1"]
[SourceVersionDate "2007.11.25"]
[SourceQuality "1"]
[WhiteTeam "Sodingen"]
[BlackTeam "Muelheim Nord II"]
[WhiteTeamCountry "GER"]
[BlackTeamCountry "GER"]

1. b3 e5 2. Bb2 d6 3. c4 Nc6 4. Nc3 g6 5. g3 Bg7 6. Bg2 f5 7. Nd5 Nf6 8. e3 Be6 9. d3 0-0 10. Ne2 Bxd5 11. cxd5 Ne7 12. e4 Qd7 13. Qd2 f4 14. f3 a5 15. d4 Nxe4 16. fxe4 f3 17. Bf1 fxe2 18. Bxe2 Qh3 19. Qd3 exd4 20. Bxd4 Bxd4 21. Qxd4 Qg2 22. Rg1 Qxh2 23. Bg4 Nf5 24. exf5 Rae8+ 25. Kd1 Re4 26. Qxe4 Qxg1+ 27. Qe1 Qd4+ 28. Kc2 Qxg4 29. Qe6+ Kh8 30. Rf1 gxf5 31. Rh1 Qe4+ 32. Qxe4 fxe4 33. Re1 Re8 34. Kc3 e3 35. Re2 Kg7 36. b4 axb4+ 37. Kxb4 Kf6 38. a4 Kf5 0-1

[Event "Ruhrgebiet VK3 0405"]
[Site "Ruhrgebiet"]
[Date "2005.04.10"]
[Round "9.1"]
[White "Evertz, Dieter"]
[Black "Henrichs, Thomas"]
[Result "1/2-1/2"]
[WhiteElo "2035"]
[BlackElo "2399"]
[PlyCount "120"]
[EventDate "2004.09.12"]
[EventType "team"]
[EventRounds "9"]
[EventCountry "GER"]
[SourceTitle "EXT 2006"]
[Source "ChessBase"]
[SourceDate "2005.11.24"]
[SourceVersion "1"]
[SourceVersionDate "2005.11.24"]
[SourceQuality "1"]
[WhiteTeam "Herne Sodingen II"]
[BlackTeam "Dortmund 1875"]
[WhiteTeamCountry "GER"]
[BlackTeamCountry "GER"]

1. b3 e5 2. Bb2 Nc6 3. e3 Nf6 4. Bb5 Bd6 5. Ne2 a6 6. Bxc6 dxc6 7. d4 e4 8. h3 Qe7 9. a3 0-0 10. c4 c5 11. d5 Nd7 12. Qc2 f5 13. Ra2 b5 14. Ba1 Rb8 15. Nf4 Ne5 16. Nd2 bxc4 17. Nxc4 Nxc4 18. Qxc4 Bd7 19. a4 Rb4 20. Qxa6 c4 21. 0-0 cxb3 22. Rd2 Rfb8 23. Rb1 Rxa4 24. Qe2 Bb5 25. Qd1 Bxf4 26. exf4 Bd3 27. Rxd3 exd3 28. Be5 Rab4 29. Qxd3 Qd7 30. Kh2 R8b5 31. Qe3 Rb7 32. Qc5 R4b5 33. Qe3 h6 34. Qg3 Kh7 35. h4 b2 36. Qa3 Rxd5 37. Rxb2 Rxb2 38. Qxb2 c5 39. Qc3 Qe7 40. g3 Qd7 41. Qc2 h5 42. Qe2 Qf7 43. Qc4 Qb7 44. Qe2 Kg6 45. Bc3 Qd7 46. Qc4 Rd1 47. Qe2 Kh6 48. Qe5 Qb7 49. Qe6+ g6 50. Be1 Kh7 51. Qe8 c4 52. Qe2 Ra1 53. Qe5 Rb1 54. g4 hxg4 55. h5 Qg7 56. Qe6 Kh6 57. Bc3 Qh7 58. Qf6 Qg8 59. Qg5+ Kh7 60. Qe7+ Kh6 1/2-1/2

[Event "Ruhrgebiet VK3 0405"]
[Site "Ruhrgebiet"]
[Date "2005.03.13"]
[Round "8.1"]
[White "Nattermueller, Irina"]
[Black "Evertz, Dieter"]
[Result "0-1"]
[WhiteElo "1957"]
[BlackElo "2035"]
[PlyCount "100"]
[EventDate "2004.09.12"]
[EventType "team"]
[EventRounds "9"]
[EventCountry "GER"]
[SourceTitle "EXT 2006"]
[Source "ChessBase"]
[SourceDate "2005.11.24"]
[SourceVersion "1"]
[SourceVersionDate "2005.11.24"]
[SourceQuality "1"]
[WhiteTeam "Ahlen II"]
[BlackTeam "Herne Sodingen II"]
[WhiteTeamCountry "GER"]
[BlackTeamCountry "GER"]

1. e4 d6 2. d4 g6 3. Nc3 Bg7 4. Be3 Nf6 5. Be2 0-0 6. h3 e5 7. Nf3 Qe7 8. dxe5 dxe5 9. 0-0 h6 10. Qc1 Kh7 11. Rd1 b6 12. Nh2 Bb7 13. Bf3 Nbd7 14. Ng4 Nxg4 15. Bxg4 f5 16. Bf3 f4 17. Bd2 Nc5 18. Be1 Ne6 19. Rd3 Nd4 20. Qd1 Rae8 21. a3 a5 22. a4 Qc5 23. Rb1 Ba6 24. Rd2 c6 25. Na2 Qc4 26. b3 Qf1+ 27. Kh2 Rd8 28. Rc1 Rd6 29. c4 Rfd8 30. Nc3 Bf8 31. Bg4 h5 32. Bf3 Nxf3+ 33. Qxf3 Qd3 34. Rxd3 Rxd3 35. Bd2 Rxf3 36. Rf1 Rdd3 37. Rd1 Bb4 38. Nb1 Rxb3 39. Bxb4 Rxb4 40. Rd7+ Kh6 41. Nd2 Rxa4 42. Nxf3 Bxc4 43. h4 Bg8 44. Nxe5 Rxe4 45. Nxc6 a4 46. Ra7 g5 47. f3 Re3 48. Nd4 a3 49. Nc2 a2 50. Nb4 Re2 0-1